Znalostný manažment ako spôsob uplatnenia reverznej logistiky v komunálnom podniku
Význam znalostného manažmentu pri uplatňovaní reverznej logistiky podnikov cez outsourcing realizovaný komunálnym podnikom.
Uložené v:
| Hlavný autor: | |
|---|---|
| Ďalší autori: | |
| Médium: | Kapitola |
| Jazyk: | Slovak |
| Predmet: | |
| Tagy: |
Žiadne tagy, Buďte prvý, kto otaguje tento záznam!
|
MARC
| LEADER | 00000naa a2200000 4500 | ||
|---|---|---|---|
| 001 | 0199698 | ||
| 005 | 20230918095924.0 | ||
| 041 | 0 | |a slo | |
| 044 | |a SK | ||
| 245 | 1 | 0 | |a Znalostný manažment ako spôsob uplatnenia reverznej logistiky v komunálnom podniku |c Igor Rozenberg, Owen Fernandés |
| 520 | |a Význam znalostného manažmentu pri uplatňovaní reverznej logistiky podnikov cez outsourcing realizovaný komunálnym podnikom. | ||
| 610 | 2 | 0 | |a riadenie znalostí |
| 610 | 2 | 0 | |a logistika reverzná |
| 610 | 2 | 0 | |a podnik komunálny |
| 610 | 2 | 0 | |a manažment znalostný |
| 100 | 1 | |a Rozenberg, Igor | |
| 700 | 1 | |a Fernandes, Owen Patrick | |